000 00410nab a22001097u 4500
008 130520b2003 xxu||||| |||| 00| 0 spa d
041 _aspa
100 1 _aCarriedo Tejedo, Manuel
_967731
245 0 0 _aObispos de sedes foráneas, documentados en la "Gallaecia" altomedieval (711-1065)
_cManuel Carriedo Tejedo
773 0 _tEstudios Mindonienses
_gV.19, nº19,2003,págs. 259-346
_x0213-4357
_wRev196
942 _cAR
999 _c366650
_d366650